Holiday Quiz

Random Holiday or Color Quiz

Colorful Anniversaries Quiz Stats

 Plays Quiz Updated Jan 7, 2018

Challenge
Share
Tweet
Embed
Score 0/10 Timer 03:00
0 Plays Today
Anniversary Color % Correct
50thGold
98.5%
25thSilver
98%
70th (or 75th)Platinum
78.6%
8thBronze
76.7%
40thRuby
74%
60th (or 75th)Diamond
71%
55thEmerald
69.8%
45thSapphire
68.6%
30thPearl
41.2%
35thCoral
37%

You're not logged in!

Compare scores with friends on all Sporcle quizzes.
Join for Free
OR
Log In

You Might Also Like...

Show Comments

Extras

Top Quizzes Today


Score Distribution

Your Account Isn't Verified!

In order to create a playlist on Sporcle, you need to verify the email address you used during registration. Go to your Sporcle Settings to finish the process.

Report this User

Report this user for behavior that violates our Community Guidelines.

Details: